000 00302nam a22001097a 4500
008 160420b xxu||||| |||| 00| 0 eng d
020 _a9780323036900
041 _aeng
080 _a618.2
245 _aMedical Surgical Nursing:
_cSharon L.Lewis; Margaret Mclean Heitkemper;Linda bucher;
942 _2udc
_cBK
999 _c1451
_d1451